000 00458nam a2200193Ia 4500
008 101110s9999 xx 000 0 und d
041 _aENGLISH
082 _bSR10835
_a651.78
100 _aAtthreya N.H.
245 _aEffective Report Writing
365 _b24
520 _aCommerce
546 _aENGLISH
630 _aEffective Report Writing
650 _aCommerce
655 _aCommerce
730 _aEffective Report Writing
942 _cBOOK
999 _c805724
_d805721